[Event "TCh-CHN DivA Regular"]
[Site "Fuling CHN"]
[Date "2023.06.10"]
[Round "5.6"]
[Board "4"]
[White "Guo, Qi"]
[Black "Lu, Miaoyi"]
[Result "1-0"]
[WhiteTitle "IM"]
[BlackTitle "WIM"]
[WhiteElo "2369"]
[BlackElo "2176"]
[WhiteTeam "Jiangsu"]
[BlackTeam "Hangzhou"]
[WhiteFideId "8604002"]
[BlackFideId "8618020"]
[EventDate "2023.06.05"]
[EventType "team"]

1. d4 Nf6 2. c4 e6 3. Nf3 d5 4. cxd5 exd5 5. Nc3 c6 6. Qc2 g6 7. Bg5 h6 8. Bxf6
Qxf6 9. Nxd5 Qd8 10. Nc3 Bf5 11. e4 Bg4 12. Ne5 Be6 13. d5 Nd7 14. Nc4 cxd5 15.
exd5 Bf5 16. Qe2+ Qe7 17. Nd6+ Kd8 18. Nxb7+ Kc8 19. Na5 Ne5 20. Qa6+ Kb8 21.
Be2 Bc8 22. Qb5+ Kc7 23. d6+ Qxd6 24. Rd1 a6 25. Rxd6 axb5 26. Nxb5+ Kb8 27.
Rb6+ Bb7 28. Rxb7+ Kc8 29. Na7+ Kd8 30. O-O Bc5 31. Rd1+ Ke8 32. Rd5 1-0

[Event "TCh-CHN DivA Regular"]
[Site "Fuling CHN"]
[Date "2023.06.10"]
[Round "5.6"]
[Board "5"]
[White "Zhao, Shengxin"]
[Black "Shen, Yang"]
[Result "1/2-1/2"]
[WhiteTitle "WFM"]
[BlackTitle "IM"]
[WhiteElo "2156"]
[BlackElo "2399"]
[WhiteTeam "Hangzhou"]
[BlackTeam "Jiangsu"]
[WhiteFideId "8608040"]
[BlackFideId "8603162"]
[EventDate "2023.06.05"]
[EventType "team"]

1. d4 d5 2. c4 e6 3. Nc3 Bb4 4. cxd5 exd5 5. Nf3 Nf6 6. Bg5 h6 7. Bxf6 Qxf6 8.
Qb3 Qb6 9. a3 Ba5 10. Qa4+ Bd7 11. Qc2 Bf5 12. Qa4+ Bd7 13. Qc2 Bxc3+ 14. Qxc3
O-O 15. e3 Rc8 16. Rc1 Bf5 17. Ne5 Nd7 18. Bd3 Qe6 19. Bxf5 Qxf5 20. Nxd7 Qxd7
21. b4 a5 22. O-O axb4 23. axb4 c6 24. Ra1 Qd8 25. g3 h5 26. h4 g6 27. Rxa8 Rxa8
28. Ra1 Kg7 29. Rxa8 Qxa8 30. Qc5 Qa1+ 31. Kg2 Qb1 32. Qb6 1/2-1/2

[Event "TCh-CHN DivA Regular"]
[Site "Fuling CHN"]
[Date "2023.06.11"]
[Round "6.1"]
[Board "1"]
[White "Nie, Xinyang"]
[Black "Chen, Qi b"]
[Result "1-0"]
[BlackTitle "IM"]
[WhiteElo "2222"]
[BlackElo "2484"]
[WhiteTeam "Chongqing Jiulongpo"]
[BlackTeam "Jiangsu"]
[WhiteFideId "8607222"]
[BlackFideId "8614733"]
[EventDate "2023.06.05"]
[EventType "team"]

1. d4 Nf6 2. Nf3 e6 3. c4 Bb4+ 4. Bd2 Qe7 5. e3 O-O 6. Bd3 Bxd2+ 7. Nbxd2 d6 8.
Qc2 e5 9. O-O Re8 10. e4 exd4 11. Nxd4 c5 12. Ne2 Nc6 13. Qc3 a6 14. f3 Rb8 15.
Rfd1 b5 16. Nf1 Qe5 17. Qxe5 dxe5 18. cxb5 axb5 19. b3 Be6 20. Rac1 Red8 21.
Rxc5 Nb4 22. Nc1 Nxa2 23. Nxa2 Bxb3 24. Ra1 Bxa2 25. Bxb5 Be6 26. Rxe5 Nd7 27.
Bxd7 Rxd7 28. Rea5 g6 29. Ra8 Rxa8 30. Rxa8+ Kg7 31. h4 h5 32. Ra5 Rb7 33. Ne3
Rb2 34. Rc5 Re2 35. Nf1 Rb2 36. Ng3 Rd2 37. Kf1 Rd4 38. Kf2 Rd2+ 39. Ne2 Ra2 40.
Ke3 Rb2 41. Nf4 Ba2 42. Rg5 Kh6 43. Ra5 Kg7 44. Rc5 Rb3+ 45. Kf2 Rb2+ 46. Kg3
Rd2 47. Nh3 Rd7 48. Ng5 Ra7 49. Kf4 Rb7 50. Rc2 Ra7 51. Rc1 Rb7 52. Kg3 Re7 53.
Nh3 Rb7 54. Rc2 Ra7 55. Nf4 Bb3 56. Rc3 Ba2 57. Nd3 Rb7 58. Rc1 Rd7 59. Ne5 Rb7
60. Rc2 Be6 61. Nd3 Ra7 62. Nc5 Ba2 63. Kf4 Kf6 64. Rd2 Ra5 65. Nb7 Ra7 66. Nd6
Be6 67. g3 Ra4 68. Rb2 Ke7 69. Nb5 Rc4 70. Rd2 Rc5 71. Nd4 Bd7 72. Ra2 Rc7 73.
Rb2 Rc4 74. Nc2 Be6 75. Ne3 Rc5 76. Rb7+ Kf6 77. Rb6 Kg7 78. Rd6 Rc3 79. Rd8 Ba2
80. Ra8 Be6 81. Nd5 Rc1 82. Ke5 Rg1 83. Nf6 Rxg3 84. Rg8+ Kh6 85. Nxh5 Kh7 86.
Rg7+ Kh6 87. Rxf7 1-0

[Event "TCh-CHN DivA Regular"]
[Site "Fuling CHN"]
[Date "2023.06.11"]
[Round "6.1"]
[Board "3"]
[White "Peng, Xiongjian"]
[Black "Lin, Chen"]
[Result "1-0"]
[BlackTitle "GM"]
[WhiteElo "2461"]
[BlackElo "2509"]
[WhiteTeam "Chongqing Jiulongpo"]
[BlackTeam "Jiangsu"]
[WhiteFideId "8610550"]
[BlackFideId "8602298"]
[EventDate "2023.06.05"]
[EventType "team"]

1. e4 e5 2. Nf3 Nc6 3. Bb5 a6 4. Ba4 d6 5. c3 f5 6. exf5 Bxf5 7. O-O Bd3 8. Re1
Be7 9. Qb3 Rb8 10. Qd5 Bf5 11. d4 Nf6 12. Bxc6+ bxc6 13. Qxc6+ Bd7 14. Qxa6 e4
15. Ng5 O-O 16. Nxe4 Bb5 17. Qa5 d5 18. Nxf6+ Rxf6 19. Bg5 Ra6 20. Bxe7 Qc8 21.
Qb4 Bd3 22. Nd2 Rxb4 23. Bxb4 Re6 24. a4 Be2 25. Nf1 c6 26. a5 Ba6 27. Re3 Rxe3
28. Nxe3 Qe6 29. h3 h5 30. Rd1 g5 31. c4 g4 32. hxg4 hxg4 33. cxd5 cxd5 34. Re1
Qd7 35. Bc3 Kf7 36. Nf1 Qa4 37. Ng3 Bc4 38. Nf5 Kf6 39. Ne3 Kg5 40. Nxc4 Qxc4
41. Kh2 Qd3 42. Re5+ Kf6 43. Re3 Qf1 44. Kg3 Kf5 45. Bd2 Kf6 46. Re5 Qc4 47. Be3
Qb5 48. b4 Qxb4 49. Rxd5 Qb8+ 50. Re5 Qc8 51. Rg5 Qc7+ 52. Kxg4 Qc2 53. Kf4 Qe2
54. g4 Qf1 55. Rh5 Kg6 56. Rc5 Qh1 57. Rg5+ Kf6 58. Rh5 Qa1 59. Re5 Qh1 60. g5+
Kf7 61. Rf5+ Kg7 62. Rf6 Qh4+ 63. Ke5 Qh2+ 64. Kd5 Qh1+ 65. Kc5 Qb7 66. a6 Qc7+
67. Kd5 Qd7+ 68. Ke5 Qc7+ 69. Ke4 Qe7+ 70. Kf3 Qd7 71. Kg3 Qc7+ 72. Kg2 Qd7 73.
Kh2 Qc7+ 74. Bf4 Qd7 75. Be5 Kg8 76. Rg6+ Kf8 77. Rh6 Qd5 78. a7 Kf7 79. Ra6 Qa8
80. Kg1 1-0

[Event "TCh-CHN DivA Regular"]
[Site "Fuling CHN"]
[Date "2023.06.11"]
[Round "6.1"]
[Board "4"]
[White "Guo, Qi"]
[Black "Sun, Fanghui"]
[Result "1-0"]
[WhiteTitle "IM"]
[BlackTitle "WIM"]
[WhiteElo "2369"]
[BlackElo "2223"]
[WhiteTeam "Jiangsu"]
[BlackTeam "Chongqing Jiulongpo"]
[WhiteFideId "8604002"]
[BlackFideId "8604150"]
[EventDate "2023.06.05"]
[EventType "team"]

1. d4 Nf6 2. c4 g6 3. Nc3 d5 4. cxd5 Nxd5 5. Bd2 Bg7 6. e4 Nxc3 7. Bxc3 c5 8. d5
Bxc3+ 9. bxc3 O-O 10. h4 Qd6 11. Nf3 Bg4 12. Qd2 Bxf3 13. gxf3 Nd7 14. h5 Qf6
15. f4 Rad8 16. e5 Nxe5 17. fxe5 Qxe5+ 18. Qe3 Qxd5 19. Rh4 Rd6 20. Bc4 Qg2 21.
Qg3 Qc6 22. Qe5 Qf3 23. h6 Rf6 24. Qe3 Qg2 25. O-O-O Rxf2 26. Rf4 Qg5 27. Bxf7+
Kh8 28. Qxf2 e5 29. Qh4 Qxf4+ 30. Qxf4 exf4 31. Rd7 b5 32. Rxa7 Rd8 33. Bd5 1-0

[Event "TCh-CHN DivA Regular"]
[Site "Fuling CHN"]
[Date "2023.06.11"]
[Round "6.1"]
[Board "5"]
[White "Zhang, Lanlin"]
[Black "Shen, Yang"]
[Result "0-1"]
[BlackTitle "IM"]
[WhiteElo "2156"]
[BlackElo "2399"]
[WhiteTeam "Chongqing Jiulongpo"]
[BlackTeam "Jiangsu"]
[WhiteFideId "8608032"]
[BlackFideId "8603162"]
[EventDate "2023.06.05"]
[EventType "team"]

1. e4 c6 2. d4 d5 3. Nc3 dxe4 4. Nxe4 Nf6 5. Nxf6+ exf6 6. c3 Bf5 7. Ne2 Bd6 8.
Ng3 Bg6 9. f4 O-O 10. Qf3 Re8+ 11. Kf2 Bc2 12. Be3 f5 13. Rc1 Be4 14. Nxe4 fxe4
15. Qd1 Nd7 16. Be2 c5 17. d5 Qc7 18. Qd2 c4 19. b4 a5 20. a3 b5 21. h4 f5 22.
h5 Nf6 23. h6 Qf7 24. hxg7 Bxf4 25. Rh4 Bxe3+ 26. Qxe3 axb4 27. cxb4 Nxd5 28.
Qc5 Qa7 29. Rd1 Nc3 30. Rdh1 e3+ 31. Ke1 Qxc5 32. bxc5 Rxa3 33. Bd1 Ra1 0-1

[Event "TCh-CHN DivA Regular"]
[Site "Fuling CHN"]
[Date "2023.06.11"]
[Round "6.2"]
[Board "1"]
[White "Xiu, Deshun"]
[Black "Zhu, Hengyi"]
[Result "1/2-1/2"]
[WhiteTitle "GM"]
[WhiteElo "2507"]
[BlackElo "2247"]
[WhiteTeam "Beijing"]
[BlackTeam "Hangzhou"]
[WhiteFideId "8603693"]
[BlackFideId "8611211"]
[EventDate "2023.06.05"]
[EventType "team"]

1. c4 c5 2. Nf3 Nc6 3. d4 cxd4 4. Nxd4 Nf6 5. Nc3 e6 6. e4 Bb4 7. Nxc6 bxc6 8.
Bd3 e5 9. O-O Bc5 10. Qe2 d6 11. Be3 Bg4 12. f3 Qb6 13. Bxc5 Qxc5+ 14. Qf2 Qxf2+
15. Rxf2 Be6 16. c5 dxc5 17. Na4 c4 18. Bf1 Nd7 19. Rc1 c5 20. Bxc4 Bxc4 21.
Rxc4 Nb6 22. Nxb6 axb6 23. b4 Ra4 24. Rfc2 Kd7 25. bxc5 Rxc4 26. Rxc4 Rc8 27.
Kf2 bxc5 28. Ke2 Ra8 29. Rxc5 Rxa2+ 30. Kf1 Ke6 1/2-1/2

[Event "TCh-CHN DivA Regular"]
[Site "Fuling CHN"]
[Date "2023.06.11"]
[Round "6.2"]
[Board "2"]
[White "Kong, Xiangrui"]
[Black "Zhang, Di"]
[Result "0-1"]
[WhiteElo "2273"]
[BlackElo "2273"]
[WhiteTeam "Hangzhou"]
[BlackTeam "Beijing"]
[WhiteFideId "8632200"]
[BlackFideId "8616590"]
[EventDate "2023.06.05"]
[EventType "team"]

1. e4 c5 2. Nf3 d6 3. d4 cxd4 4. Nxd4 Nf6 5. Nc3 Nc6 6. Bg5 e6 7. Qd2 a6 8.
O-O-O Bd7 9. f4 h6 10. Bh4 Be7 11. Nf3 Qc7 12. g3 Rc8 13. Bh3 Na5 14. Bxf6 Nc4
15. Qd3 Bxf6 16. e5 dxe5 17. Ne4 exf4 18. Nxf6+ gxf6 19. gxf4 Bb5 20. Qc3 Qxf4+
21. Kb1 Nd6 22. Qa3 Be2 23. Nd4 Bxd1 24. Rxd1 Rg8 25. Ne2 Qxh2 26. Qxd6 Qxd6 27.
Rxd6 Rc4 28. Kc1 f5 29. Kd2 Ke7 30. Rb6 Rd8+ 31. Ke3 Rxc2 32. Rxb7+ Rd7 33. Rb6
Rdd2 34. Nc3 Rxb2 35. Rxa6 Rh2 36. Bf1 Rh1 37. Bb5 Rh3+ 38. Kd4 Rxc3 39. Kxc3
Rxb5 40. a4 Rd5 41. Kb4 Rd1 42. Rc6 Rb1+ 43. Ka5 f4 44. Ka6 f3 45. Rc7+ Kf8 0-1

[Event "TCh-CHN DivA Regular"]
[Site "Fuling CHN"]
[Date "2023.06.11"]
[Round "6.2"]
[Board "3"]
[White "Peng, Hongchi"]
[Black "Xie, Kaifan"]
[Result "1/2-1/2"]
[BlackTitle "CM"]
[WhiteElo "2426"]
[BlackElo "2278"]
[WhiteTeam "Beijing"]
[BlackTeam "Hangzhou"]
[WhiteFideId "8609047"]
[BlackFideId "8619107"]
[EventDate "2023.06.05"]
[EventType "team"]

1. d4 Nf6 2. Nf3 d5 3. g3 c5 4. Bg2 cxd4 5. Nxd4 e5 6. Nb3 Be6 7. O-O Nc6 8. Bg5
Be7 9. Nc3 d4 10. Bxf6 gxf6 11. Ne4 Qb6 12. c3 f5 13. Ned2 O-O 14. cxd4 Nxd4 15.
e3 Nxb3 16. Nxb3 Bc4 17. Qf3 Bxf1 18. Rxf1 Qf6 19. Qxb7 a5 20. Rc1 a4 21. Rc6
Bd6 22. Nc5 Qe7 23. Qxe7 Bxe7 24. Nd7 Rfd8 25. Nxe5 Rd1+ 26. Bf1 Rb8 27. Rc2 Bf6
28. Nc4 Ra1 29. b3 axb3 30. axb3 Rxb3 31. Kg2 Rc3 32. Rxc3 Bxc3 33. Nd6 Ra5 34.
Kf3 Bb4 35. Nc4 Rd5 36. Nb2 Kg7 37. Nd3 Bd6 38. Be2 Kf6 39. Ne1 Ra5 40. Ng2 Rd5
41. Nh4 h6 42. Bc4 Rc5 43. Bd3 Rd5 44. Ke2 Bc7 45. h3 Rc5 46. Nf3 Rd5 47. Nd2
Bb8 48. Bc4 Rd7 49. Nb3 Ba7 50. Bd3 Rb7 51. Bc4 Rc7 52. Nd2 Rd7 53. Bd3 Rb7 54.
Nc4 Rc7 55. Na5 Rc5 56. Nb3 Rc3 57. Nd2 Rc7 58. Nf3 Rd7 59. Ne1 Rd5 60. Ng2 Bb8
61. Nh4 Bc7 62. f4 Ra5 63. Kf3 Ra3 64. Bc4 Bb6 65. Ng2 Rc3 66. Bd5 Rd3 67. Bb7
Rd2 68. Ne1 Rd1 69. Nc2 Bc5 70. Ba6 Rc1 71. Bd3 Rd1 72. Be2 Rc1 73. Bd3 Rd1 74.
Ke2 Rg1 75. Kf2 Rd1 76. Be2 Rc1 77. Bd3 Rd1 78. Ke2 Rg1 79. Kf3 Rd1 80. Bb5 Rb1
81. Ba4 Rf1+ 82. Ke2 Rh1 83. Kf2 Rh2+ 84. Kf3 Rd2 85. Ne1 Ra2 86. Bb5 Ra3 87.
Ng2 Ra2 88. Bf1 Rc2 89. Be2 Rc3 90. Ba6 Ra3 91. Bc8 Rc3 92. Bd7 Rd3 93. Bb5 Rb3
94. Bc4 Rc3 95. Be2 Ra3 96. Bd1 Ra2 97. Be2 Ra3 98. Bc4 Rc3 99. Bf1 Rc1 100. Be2
Rc3 101. Bd1 Rc1 102. Bb3 Rg1 103. Bc2 Rf1+ 104. Ke2 Rg1 105. Kf2 Rxg2+ 106.
Kxg2 Bxe3 107. Kf3 Bc5 108. Ba4 Ba7 109. Bb5 Bb6 110. Bd7 Bc5 111. Ke2 Bb6 112.
Be8 Ba7 113. Kf3 Bb6 114. Ba4 Ba7 115. Bc2 Bb6 116. g4 fxg4+ 117. Kxg4 Be3 118.
h4 Kg7 1/2-1/2

[Event "TCh-CHN DivA Regular"]
[Site "Fuling CHN"]
[Date "2023.06.11"]
[Round "6.2"]
[Board "4"]
[White "Lu, Miaoyi"]
[Black "Wang, Yu A."]
[Result "0-1"]
[WhiteTitle "WIM"]
[BlackTitle "IM"]
[WhiteElo "2176"]
[BlackElo "2255"]
[WhiteTeam "Hangzhou"]
[BlackTeam "Beijing"]
[WhiteFideId "8618020"]
[BlackFideId "8601097"]
[EventDate "2023.06.05"]
[EventType "team"]

1. e4 e5 2. Nf3 Nc6 3. d4 exd4 4. Bc4 Nf6 5. e5 d5 6. Bb5 Ne4 7. Nxd4 Bd7 8.
Bxc6 bxc6 9. O-O Bc5 10. f3 Ng5 11. Be3 Bb6 12. f4 c5 13. Nb3 d4 14. Bf2 Ne4 15.
N1d2 Nxd2 16. Nxd2 Bc6 17. Qg4 Qd7 18. f5 O-O-O 19. e6 Qd5 20. exf7 Qxf7 21. Bh4
h5 22. Qh3 Rde8 23. f6+ Kb7 24. fxg7 Qxg7 25. Bf6 Qh6 26. Bxh8 Qxd2 27. Rf2 Re2
28. Rxe2 Qxe2 29. c4 d3 30. Bc3 d2 31. Bxd2 Qxd2 32. Rf1 Qd4+ 33. Kh1 Qxc4 34.
Qf5 Qxa2 35. Qe5 Qc4 36. Qf5 a5 37. h3 a4 38. Kh2 Qe2 39. Rf2 Qd1 40. Rf1 Qd6+
41. Qf4 Qd5 42. Rf2 c4 43. Rd2 Qc5 44. Rd1 c3 45. bxc3 Qxc3 46. Rc1 Qd4 47. Qf1
Qd6+ 48. Kh1 Qg3 49. Rxc6 Kxc6 50. Qc4+ Kb7 51. Qe4+ c6 52. Qe7+ Qc7 53. Qb4 Qe5
54. g4 Qe3 55. Kg2 Qf2+ 0-1

[Event "TCh-CHN DivA Regular"]
[Site "Fuling CHN"]
[Date "2023.06.11"]
[Round "6.2"]
[Board "5"]
[White "Li, Yunshan"]
[Black "Zhao, Shengxin"]
[Result "1/2-1/2"]
[WhiteTitle "WIM"]
[BlackTitle "WFM"]
[WhiteElo "2283"]
[BlackElo "2156"]
[WhiteTeam "Beijing"]
[BlackTeam "Hangzhou"]
[WhiteFideId "8607664"]
[BlackFideId "8608040"]
[EventDate "2023.06.05"]
[EventType "team"]

1. d4 d5 2. c4 e6 3. Nf3 Nf6 4. g3 Bb4+ 5. Bd2 Be7 6. Bg2 O-O 7. Qc2 Nbd7 8. O-O
c6 9. Rc1 b6 10. cxd5 cxd5 11. Nc3 Bb7 12. Qb3 Rc8 13. Rc2 Rc4 14. a3 Qa8 15.
Rac1 Rfc8 16. Bf4 h6 17. Nd2 g5 18. Be3 R4c7 19. h3 Ne8 20. f3 Nd6 21. Bf2 a5
22. a4 Nc4 23. Ncb1 Nxd2 24. Nxd2 Rxc2 25. Rxc2 Bb4 26. Nb1 Ba6 27. f4 b5 28.
axb5 Bxb5 29. fxg5 hxg5 30. Rxc8+ Qxc8 31. Qe3 Qd8 32. Na3 Bxa3 33. bxa3 Nb6 34.
Qc3 Nc4 35. e4 Qd6 36. exd5 exd5 37. Qc1 f6 38. h4 1/2-1/2

[Event "TCh-CHN DivA Regular"]
[Site "Fuling CHN"]
[Date "2023.06.11"]
[Round "6.3"]
[Board "1"]
[White "Wen, Yang"]
[Black "Wang, Hao"]
[Result "0-1"]
[WhiteTitle "GM"]
[BlackTitle "GM"]
[WhiteElo "2581"]
[BlackElo "2722"]
[WhiteTeam "Hangzhou Bank"]
[BlackTeam "Shenzhen Pengcheng"]
[WhiteFideId "8602956"]
[BlackFideId "8602883"]
[EventDate "2023.06.05"]
[EventType "team"]

1. e4 c5 2. Nf3 Nc6 3. Bb5 g6 4. O-O Bg7 5. Re1 e5 6. Bxc6 dxc6 7. a3 Qe7 8. b4
Nf6 9. bxc5 Qxc5 10. a4 Bg4 11. d3 Bxf3 12. Qxf3 Qxc2 13. Na3 Qc3 14. Bg5 Nh5
15. Nc4 O-O 16. Rab1 b6 17. Be7 Rfe8 18. Bb4 Qc2 19. Nd6 Rf8 20. a5 Nf4 21. Rbc1
Qb3 22. Bd2 Qxd3 23. Bxf4 Qxd6 24. Be3 c5 0-1

[Event "TCh-CHN DivA Regular"]
[Site "Fuling CHN"]
[Date "2023.06.11"]
[Round "6.3"]
[Board "2"]
[White "Xue, Haowen"]
[Black "Ma, Qun"]
[Result "1/2-1/2"]
[BlackTitle "GM"]
[WhiteElo "2341"]
[BlackElo "2648"]
[WhiteTeam "Shenzhen Pengcheng"]
[BlackTeam "Hangzhou Bank"]
[WhiteFideId "8625492"]
[BlackFideId "8603154"]
[EventDate "2023.06.05"]
[EventType "team"]

1. d4 d5 2. c4 e6 3. Nf3 Nf6 4. Nc3 Nbd7 5. Bf4 dxc4 6. e3 Nb6 7. Bxc4 Bd6 8.
Bb5+ Bd7 9. Bxd7+ Nbxd7 10. Bg5 h6 11. Bh4 c5 12. O-O g5 13. Nb5 Bb8 14. Bg3 Qb6
15. Bxb8 Rxb8 16. Qe2 O-O 17. Rfd1 Rbd8 18. Rac1 Ne4 19. h4 Ndf6 20. hxg5 hxg5
21. Nc3 Nxc3 22. bxc3 Nh7 23. Ne5 f6 24. Nd3 cxd4 25. cxd4 Rf7 26. Qf3 Qd6 27.
Nc5 Qe7 28. d5 exd5 29. Rxd5 Rxd5 30. Qxd5 Nf8 31. Rd1 f5 32. Qc4 Qc7 33. Qd5
Qe7 34. Rc1 b6 35. Nb3 Qd7 36. Qa8 f4 37. Nd4 fxe3 38. fxe3 Qe7 39. Re1 Qb4 40.
Rf1 Rxf1+ 41. Kxf1 Qb1+ 42. Kf2 Qxa2+ 43. Kg3 Qf7 44. Qd8 Kh7 45. Qxg5 Qg6 46.
Kf4 Ne6+ 47. Nxe6 Qxe6 48. Qf5+ Qxf5+ 49. Kxf5 a5 50. Ke4 a4 51. Kd3 Kg6 52. e4
Kg5 53. g3 a3 54. Kc3 b5 55. Kb3 b4 56. Ka2 Kg4 57. Kb3 Kg5 58. Ka2 Kf6 59. g4
Ke5 60. g5 Ke6 61. Kb3 Ke5 62. Ka2 Ke6 63. Kb3 Ke5 64. Ka2 Ke6 1/2-1/2

[Event "TCh-CHN DivA Regular"]
[Site "Fuling CHN"]
[Date "2023.06.11"]
[Round "6.3"]
[Board "3"]
[White "Xu, Zhihang"]
[Black "Zhou, Weiqi"]
[Result "1/2-1/2"]
[WhiteTitle "IM"]
[BlackTitle "GM"]
[WhiteElo "2510"]
[BlackElo "2604"]
[WhiteTeam "Hangzhou Bank"]
[BlackTeam "Shenzhen Pengcheng"]
[WhiteFideId "8611572"]
[BlackFideId "8601674"]
[EventDate "2023.06.05"]
[EventType "team"]

1. d4 Nf6 2. c4 e6 3. Nc3 d5 4. cxd5 exd5 5. Bg5 c6 6. e3 h6 7. Bh4 Be7 8. Bd3
O-O 9. Qc2 Re8 10. Nf3 Ne4 11. Bxe4 Bxh4 12. Bh7+ Kf8 13. g3 Bf6 14. Bf5 g6 15.
Bxc8 Qxc8 16. O-O Kg7 17. Kg2 Na6 18. Rac1 Nc7 19. b4 Qd7 20. Na4 Ne6 21. h4
Rac8 22. Nb2 a5 23. a3 Ra8 24. Na4 Ra6 25. Nc5 Nxc5 26. bxc5 Re4 27. Rb1 Ra7 28.
Rh1 Bd8 29. h5 g5 30. Ne5 Qf5 31. Qe2 g4 32. Rbf1 f6 33. Ng6 b5 34. cxb6 Bxb6
35. f3 gxf3+ 36. Rxf3 Qe6 37. Qb2 Bc7 38. Nh4 Kh7 39. Nf5 Rg4 40. Qc2 Rg5 41.
Kf2 Kh8 42. Rc1 Qe4 43. Qc5 1/2-1/2

[Event "TCh-CHN DivA Regular"]
[Site "Fuling CHN"]
[Date "2023.06.11"]
[Round "6.3"]
[Board "4"]
[White "Song, Yuxin"]
[Black "Zhao, Xue"]
[Result "1/2-1/2"]
[WhiteTitle "WIM"]
[BlackTitle "GM"]
[WhiteElo "2353"]
[BlackElo "2469"]
[WhiteTeam "Shenzhen Pengcheng"]
[BlackTeam "Hangzhou Bank"]
[WhiteFideId "8614300"]
[BlackFideId "8601283"]
[EventDate "2023.06.05"]
[EventType "team"]

1. e4 d5 2. exd5 Qxd5 3. Nc3 Qd8 4. d4 Nf6 5. Nf3 g6 6. Bg5 Bg7 7. Qd2 h6 8. Be3
Nc6 9. Bb5 Bd7 10. a3 a6 11. Be2 e6 12. Ne5 Nd5 13. Nxd5 exd5 14. Nxc6 Bxc6 15.
O-O-O Qd7 16. h3 O-O-O 17. Bd3 Rde8 18. Rde1 Re6 19. f3 Rhe8 20. Bf2 Bb5 21. c3
h5 22. Rxe6 Rxe6 23. Re1 Bxd3 24. Rxe6 Qxe6 25. Qxd3 Bh6+ 26. Kd1 Bf4 27. Be1
Kd7 28. Bd2 Bd6 29. Bg5 Bg3 30. Qe2 f6 31. Qxe6+ Kxe6 32. Be3 h4 33. a4 Kf5 34.
b3 Bf4 35. Bf2 g5 36. Ke2 Bd6 37. Be3 Bf4 38. Bf2 Bc1 39. Kd1 Ba3 40. Be3 Bd6
41. Ke2 Bf4 1/2-1/2

[Event "TCh-CHN DivA Regular"]
[Site "Fuling CHN"]
[Date "2023.06.11"]
[Round "6.3"]
[Board "5"]
[White "Yan, Tianqi"]
[Black "Li, Xueyi"]
[Result "1-0"]
[WhiteTitle "WIM"]
[BlackTitle "WGM"]
[WhiteElo "2246"]
[BlackElo "2291"]
[WhiteTeam "Hangzhou Bank"]
[BlackTeam "Shenzhen Pengcheng"]
[WhiteFideId "8615250"]
[BlackFideId "8605912"]
[EventDate "2023.06.05"]
[EventType "team"]

1. e4 c6 2. d4 d5 3. Nc3 dxe4 4. Nxe4 Nf6 5. Nxf6+ exf6 6. c3 Bd6 7. Bd3 O-O 8.
Qc2 Re8+ 9. Ne2 h5 10. O-O h4 11. h3 Nd7 12. Bd2 Nf8 13. Rae1 Be6 14. f4 Qc7 15.
c4 c5 16. d5 Bd7 17. f5 Nh7 18. Qd1 Ng5 19. Nf4 b5 20. b3 bxc4 21. bxc4 Qb7 22.
Qc2 Rab8 23. Rxe8+ Rxe8 24. Nh5 Be5 25. Bxg5 Bd4+ 26. Kh1 fxg5 27. f6 Bxf6 28.
Rxf6 gxf6 29. Nxf6+ Kf8 30. Nxe8 Bxe8 31. Qc3 Qa6 32. Qh8+ Ke7 33. Qe5+ Kf8 34.
d6 Qxa2 35. Qh8# 1-0

[Event "TCh-CHN DivA Regular"]
[Site "Fuling CHN"]
[Date "2023.06.11"]
[Round "6.4"]
[Board "1"]
[White "Zhao, Jun"]
[Black "Lu, Shanglei"]
[Result "0-1"]
[WhiteTitle "GM"]
[BlackTitle "GM"]
[WhiteElo "2584"]
[BlackElo "2597"]
[WhiteTeam "Shandong"]
[BlackTeam "Zhejiang Shaoxing"]
[WhiteFideId "8602522"]
[BlackFideId "8603332"]
[EventDate "2023.06.05"]
[EventType "team"]

1. c4 Nf6 2. Nc3 e6 3. e4 c5 4. e5 Ng8 5. Nf3 Nc6 6. d4 cxd4 7. Nxd4 Nxe5 8.
Ndb5 a6 9. Nd6+ Bxd6 10. Qxd6 f6 11. Be3 Ne7 12. Bb6 Nf5 13. Qc5 d6 14. Qa5 Qd7
15. f4 Nc6 16. Qa3 O-O 17. g4 Ncd4 18. Qa4 Ne3 19. Kd2 Nxf1+ 20. Raxf1 e5 21.
Qxd7 Bxd7 22. f5 Rac8 23. Kd3 Nc6 24. Nd5 Kf7 25. Be3 b5 26. b3 bxc4+ 27. bxc4
e4+ 28. Ke2 Ne5 29. Nb6 Rc7 30. Rf4 Bc6 31. Rd1 Nd3 32. Rff1 Rb8 33. Rb1 Rcb7
34. Rb3 Ke8 35. Rfb1 a5 36. Kd2 Ne5 37. h3 a4 38. R3b2 Nd3 39. Rc2 Kd8 40. g5
Nc5 0-1

[Event "TCh-CHN DivA Regular"]
[Site "Fuling CHN"]
[Date "2023.06.11"]
[Round "6.4"]
[Board "2"]
[White "Zhu, Jiner"]
[Black "Liu, Qingnan"]
[Result "1/2-1/2"]
[WhiteTitle "WGM"]
[BlackTitle "GM"]
[WhiteElo "2507"]
[BlackElo "2532"]
[WhiteTeam "Zhejiang Shaoxing"]
[BlackTeam "Shandong"]
[WhiteFideId "8608059"]
[BlackFideId "8603294"]
[EventDate "2023.06.05"]
[EventType "team"]

1. e4 e5 2. Nf3 Nf6 3. d4 Nxe4 4. Bd3 d5 5. Nxe5 Nd7 6. Nc3 Nxc3 7. bxc3 Bd6 8.
O-O O-O 9. Re1 Bxe5 10. dxe5 Nc5 11. Bf1 b6 12. Be3 Re8 13. Qh5 Be6 14. Rad1 Qd7
15. Qh4 Bf5 16. Bxc5 bxc5 17. c4 Qa4 18. Qg5 Bxc2 19. Rxd5 Qxa2 20. e6 Bg6 21.
e7 Qa5 22. Qe3 c6 23. Rd8 f6 24. Rxa8 Rxa8 25. Bd3 Bf7 26. Bf5 Qc7 27. Qxc5 g6
28. Be4 Rc8 29. Bf3 Kg7 30. g3 a5 31. h4 h5 32. Kg2 Re8 33. Re3 Rc8 34. Ra3 Re8
35. Re3 a4 36. Kh2 a3 37. Rxa3 Qxe7 38. Ra5 Qxc5 39. Rxc5 Rc8 40. Rxc6 Rxc6 41.
Bxc6 Bxc4 1/2-1/2

[Event "TCh-CHN DivA Regular"]
[Site "Fuling CHN"]
[Date "2023.06.11"]
[Round "6.4"]
[Board "3"]
[White "Huang, Renjie"]
[Black "Chen, Yuan2"]
[Result "1-0"]
[WhiteElo "2406"]
[BlackElo "2159"]
[WhiteTeam "Shandong"]
[BlackTeam "Zhejiang Shaoxing"]
[WhiteFideId "8610134"]
[BlackFideId "8618860"]
[EventDate "2023.06.05"]
[EventType "team"]

1. e4 c5 2. Nf3 d6 3. d4 cxd4 4. Nxd4 Nf6 5. Nc3 a6 6. Bd3 e5 7. Nde2 Be7 8. O-O
O-O 9. Ng3 Nc6 10. Nd5 Nxd5 11. exd5 Nb4 12. Bf5 a5 13. c3 Na6 14. f4 Bh4 15.
fxe5 Bxg3 16. hxg3 dxe5 17. Be3 Qd6 18. c4 Bxf5 19. Rxf5 b5 20. cxb5 Nb4 21. Rc1
Rac8 22. Rxc8 Rxc8 23. Rf2 Nxd5 24. Rd2 Nxe3 25. Rxd6 Nxd1 26. Rxd1 f6 27. Rd7
h5 28. b6 Kh7 29. b7 Rb8 30. a4 e4 31. Kf2 h4 32. gxh4 f5 33. b4 axb4 34. a5 b3
35. a6 b2 36. Rd1 Rd8 37. Rb1 f4 38. Rxb2 1-0